000
00249nam a2200097Ia 4500
001
704661
005
20250826162415.0
008
250824s9999 xx 000 0 und d
245
0
_a
ÇOCUĞUMLA SEVGİ SECDESİ
_c
AHMET BULUT
260
_b
TİMAŞ YAYINLARI
999
_c
704661
_d
704661